| 000 | 00449nam a2200181Ia 4500 | ||
|---|---|---|---|
| 001 | 23004 | ||
| 005 | 20260414150908.0 | ||
| 008 | 260414t2002||||xx |||||||||||||| ||spa|| | ||
| 041 | _aESP | ||
| 082 |
_a624.1762 _bG48A |
||
| 100 |
_aGioncu, Victor _eAUT |
||
| 245 | 0 |
_aDuctility of seismic resistant steel structures _b |
|
| 260 | _c2002 | ||
| 300 |
_axxiv, 694 páginas : _c24 cm. |
||
| 650 | _a0 | ||
| 654 | _aCIC | ||
| 942 |
_cLIB _dJUS _fJUS _2ddc _n |
||
| 999 |
_c23004 _d23004 |
||